000 00626nam a22001817a 4500
999 _c186308
_d186308
005 20220222142700.0
010 _aENG-131741
020 _a9789388548809
_c900.00
035 _aEN-115273
037 _bDBAD
082 _a345.54056
245 _aTaking Bail Seriously:
_bThe State of Bail Jurisprudence in India/
_cSalman Khurshid et.al.
260 _aGurgaon
_bLexisNexis
_c2020
270 _a14th Floor, Building No. 10, Tower-B, DLF Cyber City, Phase-II
_bGurgaon
_e122002
_mhelp.in@lexisnexis.com
300 _a467p.
_c25cm(hbk)
700 _aKhurshid, Salman et.al.
942 _2ddc
_cEN
_h345.54056
_mKHU